书目信息 |
| 题名: |
语文
|
|
| 作者: | 温儒敏 总主编 ;陈先云 , 何源 主编 | |
| 分册: | 下册 四年级 | |
| 出版信息: | 北京 人民教育出版社 2019 |
|
| 页数: | 141页 | |
| 开本: | 26cm | |
| 丛书名: | ||
| 单 册: | ||
| 中图分类: | G634.301 , G624.201 , G624.2 | |
| 科图分类: | ||
| 主题词: | 中学语文课--Zhong Xue Yu Wen Ke--中小学--教材 , 小学语文课--Xiao Xue Yu Wen Ke--教材 | |
| 电子资源: | ||
| ISBN: | 978-7-107-34120-5 | |
| 000 | 00973nam0 2200313 450 | |
| 001 | 538604 | |
| 005 | 20241119175641.59 | |
| 010 | @a978-7-107-34120-5@dCNY8.90 | |
| 100 | @a20241025d2019 cemy0chiy50 ea | |
| 101 | 0 | @achi |
| 102 | @aCN@b110000 | |
| 105 | @aa z 000yy | |
| 106 | @ar | |
| 200 | 1 | @a语文@AYu Wen@i四年级@h下册@f温儒敏总主编 |
| 210 | @a北京@c人民教育出版社@d2019@h2024重印 | |
| 215 | @a141页@c图@d26cm | |
| 300 | @a义务教育教科书 | |
| 304 | @a教育部组织编写 | |
| 314 | @a版权页题:陈先云[等]主编;何源[等]编写 | |
| 606 | 0 | @a中学语文课@AZhong Xue Yu Wen Ke@x中小学@j教材 |
| 606 | 0 | @a小学语文课@AXiao Xue Yu Wen Ke@j教材 |
| 690 | @aG634.301@v5 | |
| 690 | @aG624.201@v5 | |
| 690 | @aG624.2@v4 | |
| 701 | 0 | @a温儒敏@AWen Ru Min@f(1946.2~)@4总主编 |
| 702 | 0 | @a陈先云@AChen Xian Yun@c(小学语文)@4主编 |
| 702 | 0 | @a何源@AHe Yuan@4编写 |
| 801 | 0 | @aCN@bAHXH@c20241025 |
| 905 | @b214150675@b214150666@b214150657@dG624.2@e2945:4(2)@f3 | |
| 语文.四年级.下册/温儒敏总主编.-北京:人民教育出版社,2019(2024重印) |
| 141页:图;26cm |
| 义务教育教科书 |
| ISBN 978-7-107-34120-5:CNY8.90 |
| ● |
| 相关链接 |
|
|
|
|
正题名:语文
索取号:G624.2/2945:4(2)
 
预约/预借
| 序号 | 登录号 | 条形码 | 馆藏地/架位号 | 状态 | 备注 |
| 1 | 1415065 | 214150657 | 教育系资料室/ [索取号:G624.2/2945:4(2)] | 在馆 | |
| 2 | 1415066 | 214150666 | 教育系资料室/ [索取号:G624.2/2945:4(2)] | 在馆 | |
| 3 | 1415067 | 214150675 | 教育系资料室/ [索取号:G624.2/2945:4(2)] | 在馆 |